000 00785nam a2200181 a 4500
001 000043223
005 20201002040733.0
008 140226s2010 dr 000 0 spa d
040 _aDO-SdBNP
_bspa
_cBNPHU
245 0 0 _aIV Acuerdo general sobre aranceles y comercio (GATT 47), la Organización Mundial de Comercio y el GATT 94 /
_cMiguel Antonio Rodríguez Cabrera.
246 1 3 _aCuarto acuerdo general sobre aranceles y comercio (GATT 47), la Organización Mundial de Comercio y el GATT 94 /
260 _aSanto Domingo :
_bUNICARIBE,
_c2010.
300 _a28 p. :
_bil. ;
_c24 cm.
490 1 _aCuadernos diplomáticos
_v4
700 1 2 _aRodríguez Cabrera, Miguel Antonio
_954876
710 2 _aUniversidad del Caribe (UNICARIBE)
_959912
830 0 _aCuadernos diplomáticos
_v4
_970813
999 _c42712
_d42712